Haz clic rápido para construir España peninsular - ¡Muerte súbita! - Estadísticas

Estadísticas generales
  • Esta prueba ha sido intentada 690 veces
  • La puntuación promedio es 11 de 47
Respuestas en el mapa
Las respuestas están codificadas por una escala verde-roja en el mapa de la prueba según el % correcto abajo.
 
Estadísticas de respuestas
Respuesta % Correcto
Huelva
91%
Zamora
84%
Pontevedra
72%
A Coruña
68%
Girona
68%
Lleida
54%
Huesca
53%
Sevilla
42%
Barcelona
40%
Ourense
39%
Gipuzkoa
38%
Salamanca
38%
Cádiz
30%
Badajoz
29%
Lugo
28%
León
24%
Málaga
24%
Cáceres
23%
Navarra
23%
Granada
21%
Zaragoza
20%
Asturias
18%
Tarragona
18%
Ávila
13%
Jaén
13%
Ciudad Real
11%
Almería
10%
Cantabria
9%
Castellón
8%
Valencia
7%
Bizkaia
6%
Albacete
5%
Alacant / Alicante
4%
Araba / Álava
4%
Córdoba
4%
Palencia
4%
Burgos
2%
Cuenca
2%
Guadalajara
2%
Madrid
2%
Murcia
2%
Teruel
2%
Toledo
2%
La Rioja
1%
Segovia
1%
Soria
1%
Valladolid
1%
No se encontraron pruebas coincidentes
Distribución de puntuación
Porcentaje de gente con cada puntuación
Porcentaje por número respondido
Historial de tus puntuaciones
No has intentado esta prueba.